000
00310nam a22001217a 4500
020
_a
0-330-28260-3
082
_a
005.369 ERS
100
_a
ERSKINE,ROBERTk,WALWYN HUMPHREY
_9
74845
245
_a
SIXTY PROGRAMS FOR THE SINCLAIR ZX SPECTRUM
260
_a
LONDON
_b
PAN BOOKS
_c
1983
300
_a
287P
942
_c
BK
999
_c
580351
_d
580351